| 000 | 00721cam a2200229 4500 | ||
|---|---|---|---|
| 001 | M90977 | ||
| 008 | 090401t1998 xxu||||| |||| 00| 0 eng d | ||
| 035 | _a(Sirsi) u85440 | ||
| 041 | _aeng | ||
| 050 | _a333.332 | ||
| 110 |
_aRoyal Institution of Chartered Surveyors _94900 |
||
| 245 | 4 | _aThe RICS/ISVA Homebuyer Survey and Valuation [sample report] | |
| 260 |
_aLondon _bRICS _c1998 |
||
| 300 |
_a(13)p. _c30cm. |
||
| 350 | _a0 | ||
| 520 | _aSpecimen report prepared to illustrate the key new features of the 1997 homebuyer survey and valuation (M88251). | ||
| 650 | _aRICS HOMEBUYER SURVEY AND VALUATION | ||
| 650 | _aSPECIMEN REPORTS | ||
| 690 | _aRATING AND VALUATION | ||
| 942 | _n0 | ||
| 948 | _c06/04/1998 | ||
| 999 |
_c97038 _d97038 |
||